Dolphins Players With 1000 Scrimmage Yards - Statistics

General Stats
  • This quiz has been taken 17 times
  • The average score is 28 of 70
Answer Stats
Position (Year) Yards Player % Correct
RB (1978) 1,450 Delvin Williams
100%
RB (2002) 2,216 Ricky Williams
100%
RB (2003 1,723 Ricky Williams
100%
RB (2009) 1,385 Ricky Williams
100%
WR (2023) 1,814 Tyreek Hill
92%
WR (2022) 1,742 Tyreek Hill
92%
WR (2024) 1,012 Tyreek Hill
92%
RB (2024) 1,499 De'Von Achane
77%
WR (2022) 1,382 Jaylen Waddle
77%
WR (2023) 1,026 Jaylen Waddle
77%
WR (2021) 1,018 Jaylen Waddle
77%
FB (1972) 1,165 Larry Csonka
69%
FB (1971) 1,164 Larry Csonka
69%
FB (1973) 1,025 Larry Csonka
69%
WR (1984) 1,424 Mark Clayton
69%
WR (1986) 1,183 Mark Clayton
69%
WR (1988) 1,133 Mark Clayton
69%
WR (1991) 1,053 Mark Clayton
69%
WR (1989) 1,020 Mark Clayton
69%
WR (1985) 1,006 Mark Clayton
69%
RB (2016) 1,423 Jay Ajayi
62%
RB (2023) 1,187 Raheem Mostert
62%
RB (2022) 1,093 Raheem Mostert
62%
WR (1984) 1,306 Mark Duper
46%
WR (1986) 1,303 Mark Duper
46%
WR (1991) 1,085 Mark Duper
46%
WR (1983) 1,003 Mark Duper
46%
WR (2019) 1,202 DeVante Parker
38%
RB (2000) 1,340 Lamar Smith
38%
RB (2001) 1,202 Lamar Smith
38%
RB (1972) 1,168 Mercury Morris
38%
RB (1973) 1,005 Mercury Morris
38%
RB (2006) 1,284 Ronnie Brown
38%
RB (2008) 1,170 Ronnie Brown
38%
RB (2005) 1,139 Ronnie Brown
38%
WR (2011) 1,227 Brandon Marshall
31%
WR (2010) 1,017 Brandon Marshall
31%
RB (1970 1,155 Jim Kiick
31%
RB (1971) 1,076 Jim Kiick
31%
RB (1968) 1,043 Jim Kiick
31%
RB (1969) 1,018 Jim Kiick
31%
WR (1971) 1,111 Paul Warfield
31%
WR (1994) 1,270 Irving Fryar
23%
WR (1993) 1,006 Irving Fryar
23%
WR (2015) 1,270 Jarvis Landry
23%
WR (2016) 1,153 Jarvis Landry
23%
RB (1996) 1,255 Karim Abdul-Jabbar
23%
RB (1997) 1,153 Karim Abdul-Jabbar
23%
RB (1998) 1,062 Karim Abdul-Jabbar
23%
RB (2014) 1,374 Lamar Miller
15%
RB (2015) 1,267 Lamar Miller
15%
WR (1998) 1,061 O.J. McDuffie
15%
RB (1985) 1,318 Tony Nathan
15%
RB (1981) 1,234 Tony Nathan
15%
RB (1983) 1,146 Tony Nathan
15%
RB (1984) 1,137 Tony Nathan
15%
RB (1995) 1,223 Bernie Parmalee
8%
RB (1994) 1,117 Bernie Parmalee
8%
WR (2012) 1.083 Brian Hartline
8%
WR (2013) 1,016 Brian Hartline
8%
WR (2005) 1,210 Chris Chambers
8%
RB (2018) 1,012 Kenyan Drake
8%
WR (1999) 1,031 Tony Martin
8%
RB (1986) 1,276 Lorenzo Hampton
0%
RB (1992) 1,057 Mark Higgs
0%
RB (2011) 1,382 Reggie Bush
0%
RB (2012) 1,278 Reggie Bush
0%
RB (1993) 1,264 Terry Kirby
0%
RB (1995) 1,032 Terry Kirby
0%
RB (1987) 1,076 Troy Stradford
0%
No matching quizzes found
Score Distribution
Percent of People with Each Score
Percentile by Number Answered
Your Score History
You have not taken this quiz